[Event "Verbandsliga Suedbaden 2122"]
[Site "Baden"]
[Date "2022.04.03"]
[Round "8.6"]
[White "Leonov, Michael"]
[Black "Gkegkas, Michail"]
[Result "1-0"]
[WhiteElo "1899"]
[BlackElo "1415"]
[PlyCount "81"]
[EventDate "2021.10.10"]
[EventType "team-tourn"]
[EventRounds "9"]
[EventCountry "GER"]
[SourceTitle "EXT 2023"]
[Source "ChessBase"]
[SourceDate "2022.10.05"]
[SourceVersion "1"]
[SourceVersionDate "2022.10.05"]
[SourceQuality "1"]
[WhiteTeam "Baden-Baden IV"]
[BlackTeam "Heitersheim"]
[WhiteTeamCountry "GER"]
[BlackTeamCountry "GER"]

1. d4 d5 2. Bf4 h5 3. e3 e5 4. Bxe5 f6 5. Qd3 Rh6 6. Bf4 g5 7. Be2 Ne7 8. Qd1 gxf4 9. Bxh5+ Ng6 10. exf4 Qe7+ 11. Kf1 b6 12. Bxg6+ Rxg6 13. Qh5 Ba6+ 14. Ne2 Bxe2+ 15. Qxe2 Qxe2+ 16. Kxe2 Nc6 17. g3 Nxd4+ 18. Kd3 Nb5 19. Nd2 0-0-0 20. a4 Nd6 21. Rae1 f5 22. Re2 Ne4 23. Nf3 c5 24. c3 Bg7 25. Nh4 Rf6 26. Rhe1 Rf7 27. Nf3 Rfd7 28. Ng5 c4+ 29. Kc2 d4 30. cxd4 Rxd4 31. f3 Rd2+ 32. Kb1 c3 33. fxe4 c2+ 34. Kc1 Rd1+ 35. Kxc2 R1d6 36. e5 Rc6+ 37. Kb1 Kb7 38. Rc2 Rg6 39. h4 Bf8 40. Rec1 Bc5 41. h5 1-0

[Event "GER-chT U12"]
[Site "Verden"]
[Date "2014.12.28"]
[Round "3.1"]
[White "Kittelberger, Mattis"]
[Black "Gkegkas, Michail"]
[Result "1-0"]
[WhiteElo "1373"]
[BlackElo "989"]
[PlyCount "35"]
[EventDate "2014.12.27"]
[EventType "team-swiss"]
[EventRounds "7"]
[EventCountry "GER"]
[SourceTitle "EXT 2016"]
[Source "ChessBase"]
[SourceDate "2015.10.08"]
[SourceVersion "1"]
[SourceVersionDate "2015.10.08"]
[SourceQuality "1"]
[WhiteTeam "Aurich"]
[BlackTeam "Heitersheim"]
[WhiteTeamCountry "GER"]
[BlackTeamCountry "GER"]

1. e4 e5 2. Nf3 Nc6 3. Bc4 Nf6 4. d4 exd4 5. e5 Ng4 6. 0-0 Be7 7. Re1 0-0 8. h3 Nh6 9. Bxh6 gxh6 10. Nxd4 Nxd4 11. Qxd4 b6 12. Qe4 c6 13. Bd3 f5 14. exf6 Rf7 15. fxe7 Qe8 16. Re3 Rg7 17. Rg3 Rxg3 18. Qxh7# 1-0